000 05833 a2200637 4500
003 Nust
005 20170207165003.0
010 _a 2008034405
020 _a9780470741207
020 _a9780470741207
024 7 _a10.1002/9780470741207
035 _a(EBZ)ebs483364e
035 _a(EBZ)ebs483364e
035 _a(EBZ)ebs483364e
035 _a(EBZ)ebs483364e
035 _a(OCoLC)352839565
035 _a(WaSeSS)ssj0000253411
035 _a(WaSeSS)ssj0000253411
035 _a(WaSeSS)ssj0000253411
035 _a(WaSeSS)ssj0000253411
035 _a(WaSeSS)ssj0000253411
035 _a(WaSeSS)ssj0000253411
035 _a(WaSeSS)ssj0000253411
040 _cNust
082 0 4 _a621.382068/5
100 1 _aPang, Sauming.
245 1 0 _aSuccessful service design for telecommunications(E Book)
_h[Elektronisk resurs] :
_ba comprehensive guide to design and implementation /
_cSauming Pang.
260 _aChichester, U.K. :
_bWiley,
_c2009.
300 _a1 online resource (xvi, 343 p.) :
_bill.
505 0 _aSuccessful Service Design for Telecommunications; Contents; Acknowledgements; 1 Introduction; 2 What is Service Design?; 3 Service: A Business Perspective; 4 Service Design Process; 5 Service Design: What Needs to be Done; 6 Service Building Blocks; 7 Network Design and Development; 8 System Functions and Development; 9 Operational Support Processes; 10 Implementation Strategy; 11 Service Integration and Service Launch; 12 Service Withdrawal, Migration and Termination; Appendix: New Network Technology Introduction Process; Glossary; References; Index;
520 _aComprehensive reference to successful service design for the telecommunications industry. Telecommunications companies operate in increasingly competitive environments. The companies that survive and excel are those offering the most compelling range of products and services. These services are complex since they touch all aspects of business. Service design and implementation skills are therefore the key for staying on top of the competition. Successful Service Design for Telecommunications provides a comprehensive guide into service design and implementation. The author provides a consistent.
650 0 _aTECHNOLOGY & ENGINEERING
_xTelecommunications.
650 0 _aTelecommunication
_zUnited States
_xManagement.
650 0 _aTelecommunication
_zUnited States.
655 4 _aElectronic books.
655 4 _aElectronic books.
856 4 2 _3John Wiley
_uhttp://dx.doi.org/10.1002/9780470741207
856 4 2 _uhttp://costello.pub.hb.se/login?url=http://site.ebrary.com/lib/boras/Top?id=10278188
856 4 2 _uhttp://db.ub.oru.se/login?url=http://site.ebrary.com/lib/universitetsbiblioteket/Top?id=10278188
856 4 2 _uhttp://ezproxy.bib.hh.se/login?url=http://site.ebrary.com/lib/halmstad/Top?id=10278188
856 4 2 _uhttp://ezproxy.its.uu.se/login?url=http://site.ebrary.com/lib/uppsala/Top?id=10278188
856 4 2 _uhttp://link.libris.kb.se/sfxrb?url_ver=Z39.88-2004&ctx_ver=Z39.88-2004&ctx_enc=info:ofi/enc:UTF-8&rfr_id=info:sid/sfxit.com:opac_856&url_ctx_fmt=info:ofi/fmt:kev:mtx:ctx&sfx.ignore_date_threshold=1&rft.object_id=1000000000716019&svc_val_fmt=info:ofi/fmt:kev:mtx:sch_svc&
856 4 2 _uhttp://link.sub.su.se/sfxsub?url_ver=Z39.88-2004&ctx_ver=Z39.88-2004&ctx_enc=info:ofi/enc:UTF-8&rfr_id=info:sid/sfxit.com:opac_856&url_ctx_fmt=info:ofi/fmt:kev:mtx:ctx&sfx.ignore_date_threshold=1&rft.object_id=1000000000716019&svc_val_fmt=info:ofi/fmt:kev:mtx:sch_svc&
856 4 2 _uhttp://miman.bib.bth.se/login?url=http://site.ebrary.com/lib/bthbib/Top?id=10278188
856 4 2 _uhttp://proxy.lib.chalmers.se/login?url=http://site.ebrary.com/lib/chalmers/Top?id=10278188
856 4 2 _uhttp://proxy.lib.ltu.se/login?url=http://site.ebrary.com/lib/lulea/Top?channelName=lulea&cpage=1&docID=10278188
856 4 2 _uhttp://sfxeu10.hosted.exlibrisgroup.com/sfxkth?url_ver=Z39.88-2004&ctx_ver=Z39.88-2004&ctx_enc=info:ofi/enc:UTF-8&rfr_id=info:sid/sfxit.com:opac_856&url_ctx_fmt=info:ofi/fmt:kev:mtx:ctx&sfx.ignore_date_threshold=1&rft.object_id=1000000000716019&svc_val_fmt=info:ofi/fmt:kev:mtx:sch_svc&
856 4 2 _uhttp://sfxeu11.hosted.exlibrisgroup.com/mah?url_ver=Z39.88-2004&ctx_ver=Z39.88-2004&ctx_enc=info:ofi/enc:UTF-8&rfr_id=info:sid/sfxit.com:opac_856&url_ctx_fmt=info:ofi/fmt:kev:mtx:ctx&sfx.ignore_date_threshold=1&rft.object_id=1000000000716019&svc_val_fmt=info:ofi/fmt:kev:mtx:sch_svc&
856 4 2 _uhttp://sfxeu11.hosted.exlibrisgroup.com/sfxkib?url_ver=Z39.88-2004&ctx_ver=Z39.88-2004&ctx_enc=info:ofi/enc:UTF-8&rfr_id=info:sid/sfxit.com:opac_856&url_ctx_fmt=info:ofi/fmt:kev:mtx:ctx&sfx.ignore_date_threshold=1&rft.object_id=1000000000716019&svc_val_fmt=info:ofi/fmt:kev:mtx:sch_svc&
856 4 2 _uhttp://sfxeu11.hosted.exlibrisgroup.com/sfxslub?url_ver=Z39.88-2004&ctx_ver=Z39.88-2004&ctx_enc=info:ofi/enc:UTF-8&rfr_id=info:sid/sfxit.com:opac_856&url_ctx_fmt=info:ofi/fmt:kev:mtx:ctx&sfx.ignore_date_threshold=1&rft.object_id=1000000000716019&svc_val_fmt=info:ofi/fmt:kev:mtx:sch_svc&
856 4 2 _uhttp://sfxeu11.hosted.exlibrisgroup.com/sfxumub?url_ver=Z39.88-2004&ctx_ver=Z39.88-2004&ctx_enc=info:ofi/enc:UTF-8&rfr_id=info:sid/sfxit.com:opac_856&url_ctx_fmt=info:ofi/fmt:kev:mtx:ctx&sfx.ignore_date_threshold=1&rft.object_id=1000000000716019&svc_val_fmt=info:ofi/fmt:kev:mtx:sch_svc&
856 4 2 _uhttp://site.ebrary.com/lib/prvbib/Top?channelName=prvbib&cpage=1&docID=10278188
856 4 2 _uhttp://www.du.se/proxy.aspx?url=http://site.ebrary.com/lib/dalarna/Top?id=10278188
856 4 2 _uhttps://login.bibproxy.kau.se:8443/login?url=http://site.ebrary.com/lib/kaubib/Top?channelName=kaubib&cpage=1&docID=10278188
856 4 2 _uhttps://lt.ltag.bibl.liu.se/login?url=http://site.ebrary.com/lib/linkoping/Top?channelName=linkoping&cpage=1&docID=10278188
942 _2ddc
_cBK
999 _c210443
_d210443